| 000 | 00386cam a22001331 4500 | ||
|---|---|---|---|
| 082 |
_a693 _bMIL |
||
| 100 |
_aMes india _945545 |
||
| 245 | 0 | 0 |
_aSchedule of prices for works and repairs to buildings, ets 1974 _bIdai Mes |
| 260 |
_aIndia. _bpress simla. _cc1947. |
||
| 300 |
_a177p. _billus. _c24 cm. |
||
| 526 |
_a0 _b0 _c0 _d693_000000000000000_MIL |
||
| 650 | 0 |
_aMCE _9379 |
|
| 942 |
_2ddc _cBK |
||
| 999 |
_c549035 _d549035 |
||